| 000 | 00993nam a2200241 a 4500 | ||
|---|---|---|---|
| 003 | AM-YEHGA | ||
| 040 | _aAM-YeHGA | ||
| 090 | _c458639 | ||
| 005 | 20250617160544.0 | ||
| 008 | 201224s2020 ai ||||gr|||||00||j|arm|| | ||
| 020 | _a9789939755403 | ||
| 041 |
_aarm _hrus |
||
| 100 | 1 | _aՕհանջ, Կարեն | |
| 245 | 1 | 0 |
_aԱրամյանց : _bՎեպ / _cԿ. Օհանջ ; [Թարգմ. և ծանոթագրող՝ Դ. Սամվելյան ; Խմբ. և սրբ.՝ Ա. Շահբազյան]. |
| 260 |
_aԵրևան : _bԷդիթ Պրինտ, _c2020. |
||
| 300 |
_a159 էջ +7 ներդիր թ.: _bլուսանկար ; _c25 սմ. |
||
| 504 | _aԾանոթագրություններ՝ էջ 137-157: | ||
| 650 | 1 | 4 | _aՀայ օտարագիր արձակ |
| 650 | 1 | 4 | _aՀայ բարեգործներ |
| 700 | 1 |
_aՍամվելյան, Դավիթ _eթարգմանիչ _4trl _eծանոթագրող _4cmm |
|
| 700 | 1 |
_aՇահբազյան, Արմինե _eխմբագիր _4edt _eսրբագրիչ _4crr |
|
| 942 |
_2udc _cBK |
||
| 999 |
_c455627 _d455627 |
||